| 000 | 00471nam a2200193Ia 4500 | ||
|---|---|---|---|
| 003 | OSt | ||
| 005 | 20231129115158.0 | ||
| 008 | 210210b1936 xxu||||| |||| 00| 0 eng d | ||
| 040 | _cAL | ||
| 082 | _a821/736 | ||
| 100 |
_aWORDSWORTH (W) _9143775 |
||
| 245 | _aPoetical Works | ||
| 260 |
_aLondon _bOxford University Press _c1936 |
||
| 650 |
_aWorks _9143776 |
||
| 650 |
_aPoetical _9143777 |
||
| 690 |
_aEnglish Poetry _9143778 |
||
| 906 | _a011904 | ||
| 942 |
_2ddc _cBK |
||
| 999 |
_c130628 _d130628 |
||